000 00369nam a2200157Ia 4500
008 100122s9999 xx 000 0 und d
082 _b75849
_a364
100 _aGAUBA K L
245 _aMYSTERY OF NAGARWALA CASE
250 _a1
260 _c1977
300 _a135
630 _aMYSTERY OF NAGARWALA CASE
730 _aMYSTERY OF NAGARWALA CASE
942 _cBOOK
999 _c392043
_d392040